000 00495nam a2200145Ia 4500
008 140724s9999 xx 000 0 und d
050 _aT 58.6
_b.G492 2014
100 _aGines, Maurice John A.
245 _aPatient information system for Santos Dental Clinic /
_cMaurice John A. Gines.
260 _aLas PiƱas, Philippines :
_bSouthville International School and Colleges,
_cc2014.
300 _a70 p. :
_bill. ;
_c28 cm.
521 _aInformation Technology
942 _cTH
999 _c229324
_d229324